000 00928nam a2200253 a 4500
001 000021522
005 20200930011344.0
008 100908s2000 mx a r 001 0 spa d
020 _a9684443935
040 _aDO-SdBNP
_bspa
_cBNPHU
041 1 7 _aspa
_heng
_2Código de idioma MARC
082 _a519.4
_bG354a, 2000
100 1 _aGerald, Curtis F.,
_944859
245 1 0 _aAnálisis numérico con aplicaciones /
_cCurtis F. Gerald, Patrick O. Wheatley ; traducción Hugo Villagómez Velázquez.
250 _a6a ed.
260 _aMéxico :
_bPearson Educación,
_c2000.
300 _axiv, 698, [54] p. :
_bil. ;
_c24 cm.
500 _aIncluye notas al pie de las páginas.
534 _pTítulo original en inglés:
_tApplied numerical analysis.
_c1999
500 _aIncluye índice
650 2 4 _aAnálisis numérico
_944860
700 1 _aWheatley, Patrick O.,
_944861
700 1 _aVillagómez Velázquez, Hugo,
_etrad.
_944862
999 _c21022
_d21022